000 00821 a2200217 4500
001 30091
005 20260407155612.0
008 260407a1994 arg spa d
003 AR-UNSa-BCEJYS
040 _aAR-UNSa-BCEJYS
_bspa
_cAR-UNSa-BCEJYS
080 _a657(083)
_xResoluciones Técnicas Contables. Informes
245 1 0 _aValor patrimonial proporcional
264 1 _aBuenos Aires :
_bReisa
_c1994
300 _a81 p.
_c28 cm.
505 _a1. Fundamentos del método - 2. Normas de aplicación - 3. metodología básica - 4. Incorporación de la inversión - 5. Aplicación del método durante la tenencia - 6. Otros aspectos - 7. Caso práctico Nº 32
041 _aspa
942 _cBK
590 _aniveau_biblio:m niveau_hierar:0
100 1 _aSenderovich, Pablo David
700 1 _aSenderovich, Isaac Aizik
999 _c2017
_d2017